| 000 | 00570nam a22001697a 4500 | ||
|---|---|---|---|
| 010 | _aENG-144887 | ||
| 020 |
_a9789383165414 _c150.00 |
||
| 035 | _aEN-128419 | ||
| 037 | _bDBAD | ||
| 082 | _a181.499 | ||
| 100 |
_aBanerjee, Jaganmoy _981173 |
||
| 245 |
_aRabindranath & Sri Aurobindo- Two heavenly germs on earth/ _cJanganmoy Bandyopandhyay |
||
| 260 |
_aCalcutta _bSigma Publications _c2018 |
||
| 270 |
_aBarnaparichay Books Market, 1st Floor (AI) College Street _bCulcutta _e700005 |
||
| 300 |
_a80p. _c22cm.(HB) |
||
| 942 |
_2ddc _cEN _h181.499 _mBAN |
||
| 999 |
_c211266 _d211266 |
||